| 000 | 00606nam a22001937a 4500 | ||
|---|---|---|---|
| 999 |
_c15221 _d15221 |
||
| 003 | OSt | ||
| 082 | _2631.3 LOL/PE | ||
| 088 | _aP 114 | ||
| 100 |
_aLOLA G. P _92793 |
||
| 245 | _aPerformance evaluation of a tractor mounted rotavator | ||
| 260 |
_aTavanur 2001 _bKelappaji College of Agricultural Engineering and Technology |
||
| 300 | _a55 | ||
| 500 | _aPerformance evaluation of a tractor mounted rotavator | ||
| 520 | _aPerformance evaluation of a tractor mounted rotavator | ||
| 700 |
_aPrasad V _92807 |
||
| 700 |
_aRajesh R _92808 |
||
| 700 |
_aEr. Sureshkumar P. K (Guide) _92794 |
||
| 942 | _cPR | ||